[Event "GER-ch U25-C"]
[Site "Willingen"]
[Date "2023.05.29"]
[Round "3"]
[White "Kutz, Henning Jasper"]
[Black "Reetz, Shaila"]
[Result "0-1"]
[WhiteElo "830"]
[BlackElo "1003"]
[PlyCount "140"]
[EventDate "2023.05.27"]
[EventType "swiss"]
[EventRounds "9"]
[EventCountry "GER"]
[SourceTitle "CBM 214 Extra"]
[Source "ChessBase"]
[SourceDate "2023.07.31"]
[SourceVersion "1"]
[SourceVersionDate "2023.07.31"]
[SourceQuality "1"]

1. e4 e5 2. Nf3 Nc6 3. Nc3 Nf6 4. Bb5 Bb4 5. Bxc6 bxc6 6. a3 Bxc3 7. dxc3 h6 8. Nxe5 0-0 9. Nf3 Nxe4 10. Qe2 Re8 11. 0-0 Ng3 12. Qd1 Nxf1 13. Kxf1 Ba6+ 14. Kg1 Be2 15. Qd2 Bxf3 16. gxf3 Qh4 17. Qf4 Qh3 18. Be3 Re7 19. Qg4 Qxg4+ 20. fxg4 Re4 21. h3 a5 22. Re1 Rc4 23. Bd4 a4 24. b3 axb3 25. cxb3 Rxd4 26. cxd4 Rxa3 27. Re7 Rxb3 28. Rxd7 Rxh3 29. Rxc7 Rh4 30. Rxc6 Rxg4+ 31. Kf1 Rxd4 32. Rc8+ Kh7 33. Rc6 f5 34. Rc7 Z0 35. Rf7 Kg6 36. Rf8 h5 37. Kg2 Rd3 38. f3 h4 39. Rh8 Kg5 40. Rh7 Rd2+ 41. Kh3 Rf2 42. Rxg7+ Kh5 43. Rh7+ Kg5 44. f4+ Rxf4 45. Rg7+ Kh5 46. Rh7+ Kg5 47. Rg7+ Kh6 48. Rg1 Kh5 49. Rg2 Rf3+ 50. Kh2 h3 51. Rg3 Rxg3 52. Kxg3 f4+ 53. Kxh3 Kg5 54. Kg2 Kg4 55. Kg1 Kf3 56. Kf1 Ke3 57. Ke1 f3 58. Kf1 f2 59. Kg2 Ke2 60. Kg3 f1Q 61. Kg4 Qf2 62. Kg5 Qf3 63. Kg6 Qf4 64. Kg7 Qd6 65. Kf7 Ke3 66. Kg7 Kf4 67. Kf7 Kf5 68. Ke8 Qc7 69. Kf8 Kf6 70. Kg8 Qg7# 0-1

[Event "GER-chT U12 Girls"]
[Site "Willingen"]
[Date "2022.08.14"]
[Round "3.6"]
[White "Greive, Greta"]
[Black "Reetz, Shaila"]
[Result "1-0"]
[WhiteElo "1136"]
[BlackElo "837"]
[PlyCount "115"]
[EventDate "2022.08.13"]
[EventType "team-swiss"]
[EventRounds "7"]
[EventCountry "GER"]
[SourceTitle "EXT 2023"]
[Source "ChessBase"]
[SourceDate "2022.10.05"]
[SourceVersion "1"]
[SourceVersionDate "2022.10.05"]
[SourceQuality "1"]
[WhiteTeam "Tegernsee"]
[BlackTeam "Karlsruhe SF"]
[WhiteTeamCountry "GER"]
[BlackTeamCountry "GER"]

1. e4 e5 2. Nf3 Nf6 3. Nxe5 Nxe4 4. Qe2 d5 5. f3 Bf5 6. fxe4 dxe4 7. Nc3 Bd6 8. Ng4 0-0 9. Nf2 Nd7 10. b3 Nf6 11. Bb2 Qe8 12. 0-0-0 Qe7 13. Nb5 Rfe8 14. Nxd6 cxd6 15. Qb5 d5 16. Bxf6 Qxf6 17. Kb1 Rac8 18. g4 Bg6 19. h4 e3 20. Nd3 a6 21. Qxd5 Rc6 22. Bg2 e2 23. Rde1 Bxd3 24. Qxd3 Rc5 25. Rxe2 Rd8 26. Qf3 Qb6 27. Rhe1 Rcc8 28. Qxb7 Qc5 29. Qe4 Qf8 30. h5 a5 31. h6 g6 32. g5 Rb8 33. Rf1 Rd7 34. Qc6 Rbd8 35. Rd1 Re7 36. Rxe7 Qxe7 37. Qe4 Qf8 38. Qa4 Qc5 39. Re1 Qf8 40. Qc4 Rc8 41. Qd4 Rd8 42. Qg7+ Qxg7 43. hxg7 Rb8 44. Rf1 a4 45. Bd5 Rb6 46. Rxf7 Rd6 47. Rd7+ Rxd5 48. Rxd5 axb3 49. axb3 Kxg7 50. b4 h6 51. gxh6+ Kxh6 52. b5 g5 53. b6 g4 54. b7 g3 55. b8Q g2 56. Qb6+ Kg7 57. Rd7+ Kf8 58. Qb8# 1-0

[Event "GER-ch U10 Girls"]
[Site "Willingen"]
[Date "2022.06.10"]
[Round "9"]
[White "Reetz, Shaila"]
[Black "Margaryan, Mari"]
[Result "0-1"]
[WhiteElo "1112"]
[BlackElo "792"]
[PlyCount "46"]
[EventDate "2022.06.04"]
[EventType "swiss"]
[EventRounds "11"]
[EventCountry "GER"]
[SourceTitle "CBM 208 Extra"]
[Source "ChessBase"]
[SourceDate "2022.07.31"]
[SourceVersion "1"]
[SourceVersionDate "2022.07.31"]
[SourceQuality "1"]

1. e4 e6 2. Nc3 d5 3. exd5 exd5 4. d4 Nf6 5. Bd3 Bd6 6. Nf3 Nc6 7. 0-0 Be6 8. Qe1 Qd7 9. Ng5 0-0-0 10. Be3 h6 11. Nf3 Rdg8 12. a4 g5 13. Nd2 h5 14. Qc1 g4 15. g3 h4 16. Ne2 hxg3 17. Nxg3 Bxg3 18. hxg3 Bf5 19. f3 Bxd3 20. cxd3 gxf3 21. Rxf3 Qh3 22. Qc5 Qh1+ 23. Kf2 Rh2# 0-1

[Event "GER-ch U10 Girls"]
[Site "Willingen"]
[Date "2022.06.05"]
[Round "1"]
[White "Subocz, Barbara"]
[Black "Reetz, Shaila"]
[Result "1-0"]
[WhiteElo "902"]
[BlackElo "1112"]
[PlyCount "83"]
[EventDate "2022.06.04"]
[EventType "swiss"]
[EventRounds "11"]
[EventCountry "GER"]
[SourceTitle "CBM 208 Extra"]
[Source "ChessBase"]
[SourceDate "2022.07.31"]
[SourceVersion "1"]
[SourceVersionDate "2022.07.31"]
[SourceQuality "1"]

1. e4 e5 2. Nf3 Nc6 3. Nc3 Bc5 4. Nxe5 Nxe5 5. d4 Bb6 6. dxe5 Ne7 7. Qf3 0-0 8. Bd3 Ng6 9. Bf4 d6 10. exd6 cxd6 11. 0-0-0 Nh4 12. Qg3 Bd4 13. Nb5 Be5 14. Bxe5 dxe5 15. Qxe5 Nxg2 16. Qg3 Nh4 17. e5 a6 18. Nc3 Be6 19. Bxh7+ Kxh7 20. Rxd8 Rfxd8 21. Qxh4+ Kg8 22. Rg1 g6 23. Ne4 Rd7 24. Nf6+ Kg7 25. Nxd7 Bxd7 26. Qf6+ Kf8 27. Re1 Bg4 28. e6 Kg8 29. Qxf7+ Kh8 30. e7 Bd7 31. e8Q+ Bxe8 32. Rxe8+ Rxe8 33. Qxe8+ Kh7 34. f4 Kh6 35. h4 Kh5 36. f5 Kg4 37. fxg6 Kxh4 38. g7 Kg4 39. g8Q+ Kf4 40. Qgf7+ Kg5 41. Qeg8+ Kh6 42. Qfh7# 1-0